| 000 | 00976nac a22003011i 4500 | ||
|---|---|---|---|
| 003 | EG-ScBUE | ||
| 005 | 20250326102354.0 | ||
| 008 | 250315s2005 e a f d f000 0 eng d | ||
| 020 | _a0192806319 | ||
| 020 | _a9780192806314 | ||
| 040 |
_aEG-ScBUE _beng _erda _cEG-ScBUE _dEG-ScBUE |
||
| 082 | 0 | 4 |
_a629.403 _bDAS _222 |
| 245 | 0 | 2 |
_aA dictionary of space exploration / _cedited by Dr. E. Julius Dasch. |
| 246 | 3 | 0 | _aSpace exploration |
| 246 | 3 | 4 | _aOxford dictionary of space exploration |
| 250 | _aFirst edition. | ||
| 264 | 1 |
_aOxford : _bOxford University Press, _c2005. |
|
| 300 |
_avi, 403 pages : _billustrations ; _c20 cm. |
||
| 336 |
_2rdacontent _atext _btxt |
||
| 337 |
_aunmediated _2rdamedia _bn |
||
| 338 |
_avolume _bnc _2rdacarrier |
||
| 490 | 0 | _aOxford paperback reference | |
| 500 | _aIncludes appendix. | ||
| 650 | 7 |
_aOuter space _xExploration _vDictionaries. _2BUEsh |
|
| 655 | _vReading book | ||
| 700 | 1 |
_aDasch, E. Julius, _eeditor. |
|
| 942 |
_cNB _2ddc |
||
| 999 |
_c7572 _d7572 |
||